| 000 | 00508nam a22001697a 4500 | ||
|---|---|---|---|
| 999 |
_c13354 _d13354 |
||
| 003 | AR-CdUCM | ||
| 008 | 190415b ||||| |||| 00| 0 spa d | ||
| 040 |
_aMUNICIPALIDAD PROVINCIAL DEL CUSCO _cBIBLIOTECA MUNICIPAL DEL CUSCO |
||
| 082 |
_aC / 082 / _bC.A. |
||
| 245 | _aCuadernos Andinos / | ||
| 260 |
_aQosqo : _bAYNI, _c1993. |
||
| 300 |
_a14 páginas ; _c21 cm. |
||
| 440 |
_aCuadernos Andinos _n2 _931730 |
||
| 505 | _aMatoro la ciudad silenciada. | ||
| 942 |
_2ddc _cFOLLETOS |
||
| 945 |
_awfj _d2019-04-15 |
||